| 000 | 00776na a2200253 4500 | ||
|---|---|---|---|
| 001 | 13933 | ||
| 003 | MIRAKIL | ||
| 005 | 20181213155027.0 | ||
| 008 | 161025b tu 000 0 | ||
| 020 | _a9755854134 | ||
| 035 | _a13933 | ||
| 040 |
_aMilas _btur _cTR-AnCHP |
||
| 041 | _atur | ||
| 082 |
_a925 Sabuncuoğlu,Ş. _bU94a 2004 |
||
| 090 | _a925 Sabuncuoğlu,Ş. U94a 2004 | ||
| 100 | _aUzel, İlter | ||
| 245 |
_aAmasyalı hekim ve cerrah Sabuncuoğlu Şerafettin _b(1385-1470?) _cİlter Uzer |
||
| 260 |
_aAmasya _bAmasya Valiliği _c2004 |
||
| 300 |
_a96 s. _bminyatür _c28 sm. |
||
| 490 |
_aAmasya Valiliği Kültür yayınları _v10 |
||
| 600 |
_aSabuncuğlu Şerafettin _xYaşamöyküsü |
||
| 650 |
_aTürk doktorlar _xYaşamöyküsü |
||
| 942 |
_2ddc _cBKS |
||
| 999 |
_c5088 _d5088 |
||